Pays d'origine des touristes en Oman - Statistiques

Statistiques générales
  • Ce quiz a été pris 125 fois
  • Le résultat moyen est 7 sur 10
Statistiques - réponses
Nombre de touristes Pays % Correct
47 830 France
95%
53 165 Etats-Unis
92%
244 786 Inde
87%
133 529 Royaume Uni
81%
55 126 Allemagne
78%
26 063 Italie
72%
67 893 Pakistan
71%
28 541 Egypte
67%
20 191 Bangladesh
50%
24 897 Philippines
18%
Aucun quiz correspondant
Distribution des résultats
% des personnes avec chaque résultat
Percentile par nombre de réponses
Votre historique - résultats
Vous n’avez pas pris ce quiz